000 01274nam a2200229Ia 4500
001 L250-16916
003 IT-CnALBA
008 170116s9999||||xx |||||||||||||| ||und||
040 _aIT-CnALBA
_cIT-CnALBA
041 _aITALIANO
100 _aBERTOLOTTI GIUSEPPE, MONS.
245 0 _aIL PARROCO ITALIANO NEI SUOI RAPPORTI CON LA LEGGE DELLO STATO. MANUALE TEORICO PRATICO.
250 _a2a ed.
260 _aMILANO - TORINO
_bARTIGIANELLI TIPOG. S. GIUSEPPE. MI. TO'
_c1898 [1° Ed.: n.d.]
300 _a782 p. (prefazione: 5)
500 _aBIBLIOTECA CAN. CHIESA. STORIA DELLE PARROCCHIE. PATRIMONIO ECCLESIASTICO. BENEFICIO PARROCCHIALE. AMMINISTRAZIONE. QUOTA CURATA. FONDAZIONI DEL CULTO. TASSE. ECONOMI SPIEIRUALI. PARROCI E LEGGI DELLO STATO. DECIME. CONGRUE. CHIESE PARROCCHIALI E CANONICH
501 _aSocietà San Paolo EM - Piazza San Paolo, 14 - 12051 ALBA (CN) (non commercial uses only) ® Copyright 2017
520 _aBIBLIOTECA CAN. CHIESA. STORIA DELLE PARROCCHIE. PATRIMONIO ECCLESIASTICO. BENEFICIO PARROCCHIALE. AMMINISTRAZIONE. QUOTA CURATA. FONDAZIONI DEL CULTO. TASSE. ECONOMI SPIEIRUALI. PARROCI E LEGGI DELLO STATO. DECIME. CONGRUE. CHIESE PARROCCHIALI E CANONICH
650 _aTEOLOGIA PASTORALE
942 _cBK
957 _71
999 _a21660
_bSI
_g Copie: 1
_c276071
_d276071